| 000 | 02032 a2200217 4500 | ||
|---|---|---|---|
| 020 | _a0887307930 | ||
| 020 | _a9780887307935 | ||
| 082 | 0 | 4 | _a658.4092 |
| 090 |
_c2717 _d2717 |
||
| 100 | 1 | _aTichy, Noel M. | |
| 245 | 1 | 4 |
_aThe leadership engine : _bhow winning companies build leaders at every level / _cNoel M. Tichy. |
| 250 | _a1st ed. | ||
| 260 |
_a[S.l.] : _bHarperCollins Publishers, _c1997. |
||
| 300 |
_a384 p. ; _c24 cm. |
||
| 500 | _aHardcover. | ||
| 520 | _aNoel Tichy has observed that winning corporations, without exception, are distinguished by their ability to grow leadership at every level, an ability that ultimately creates a pool of formidable home-grown talent that can be drawn on whenever top management jobs need to be filled. Based on extensive consultations with such leading companies as PepsiCo, Royal Dutch/Shell and Ford Motor Company, The Leadership Engine helps businesses cultivate this ability by showing how to foster a corporate atmosphere that nurtures leadership and initiative. Tichy explains that top leaders must develop a teachable point of view on business ideas and values, and they must have a personal vision that can be codified, embodied as a story and communicated throughout the organization. There's a reason why blue-chip companies from around the world such as General Motors, Proctor & Gamble, Chase Manhattan, Sony and Honda pay $35,000 dollars per participant to have their executives attend Noel Tichy's famed Global Leadership Program: He delivers phenomenal results. In The Leadership Engine, he comes through once again, presenting a dynamic and groundbreaking work for all companies who want to develop the depth of talent they need to successfully compete at the highest levels. Now available from HarperAudio. | ||
| 700 | 1 | _aCohen, Eli B. | |
| 856 | 4 | 0 |
_3Amazon.com _uhttp://www.amazon.com/exec/obidos/ASIN/0887307930/chopaconline-20 |
| 856 | 4 | 0 |
_3Amazon customer reviews _uhttp://www.chopac.org/cgi-bin/tools/azrev.pl?q=0887307930 |
| 942 |
_aNBS _cBK _k658.4092 TIC |
||
| 999 |
_c345208 _d345208 |
||